000 00327 a2200157 4500
001 181543
020 _a978-85-394-0229-8
040 _cMagnum
240 1 0 _aLobisomem aaauuuu!
_lpor
245 1 0 _aLobisomem aaauuuu!
300 _a16
362 0 _a2010
440 1 _aGirassol
697 _aLITERATURA INFANTO
942 _cBK
999 _c181543
_d181543